<?xml version='1.0' encoding='UTF-8'?><?xml-stylesheet href='static/style.xsl' type='text/xsl'?><OAI-PMH xmlns="http://www.openarchives.org/OAI/2.0/" xmlns:xsi="http://www.w3.org/2001/XMLSchema-instance" xsi:schemaLocation="http://www.openarchives.org/OAI/2.0/ http://www.openarchives.org/OAI/2.0/OAI-PMH.xsd"><responseDate>2026-05-01T01:17:27Z</responseDate><request verb="GetRecord" identifier="oai:ebiltegia.mondragon.edu:20.500.11984/6497" metadataPrefix="marc">https://ebiltegia.mondragon.edu/oai/request</request><GetRecord><record><header><identifier>oai:ebiltegia.mondragon.edu:20.500.11984/6497</identifier><datestamp>2024-06-18T06:41:20Z</datestamp><setSpec>com_20.500.11984_6401</setSpec><setSpec>com_20.500.11984_6078</setSpec><setSpec>col_20.500.11984_6405</setSpec></header><metadata><record xmlns="http://www.loc.gov/MARC21/slim" xmlns:dcterms="http://purl.org/dc/terms/" xmlns:xsi="http://www.w3.org/2001/XMLSchema-instance" xmlns:doc="http://www.lyncode.com/xoai" xsi:schemaLocation="http://www.loc.gov/MARC21/slim http://www.loc.gov/standards/marcxml/schema/MARC21slim.xsd">
   <leader>00925njm 22002777a 4500</leader>
   <datafield ind2=" " ind1=" " tag="042">
      <subfield code="a">dc</subfield>
   </datafield>
   <datafield ind2=" " ind1=" " tag="260">
      <subfield code="c">2024</subfield>
   </datafield>
   <datafield ind2=" " ind1=" " tag="520">
      <subfield code="a">It is no longer enough for businesses to strive to reduce their environmental impact. Recent literature argues that business models, and the product and service offerings that are part&#xd;
of them, must aim to improve planetary and societal wellbeing through regeneration. However, how to approach business model experimentation, and in particular the creation of product and service offerings, with a regenerative mindset is still underexplored. This paper therefore explores how designers can move towards creating regenerative products and services. It is based on an analysis of available scientific literature, but also grey&#xd;
literature, product and service examples and other initiatives. The analysis resulted in an initial framework for designers of regenerative products and services. First, seven foundations for regenerative products and services are presented. For each foundation, key shifts for designers are discussed to highlight what it takes to move from a degenerative mindset to a regenerative mindset. In addition, three opportunities for product and service&#xd;
designers are outlined; designing products, services and product-based systems that restore nature, harmonise with nature, and enable humans to co-evolve with nature. Design strategies are devised for each opportunity, drawing inspiration from existing&#xd;
examples. The initial framework presented in this paper can be a starting point for exploring regenerative product and service design as part of regenerative business model experimentation.</subfield>
   </datafield>
   <datafield ind1="8" ind2=" " tag="024">
      <subfield code="a">https://hdl.handle.net/20.500.11984/6497</subfield>
   </datafield>
   <datafield tag="653" ind2=" " ind1=" ">
      <subfield code="a">regenerative design</subfield>
   </datafield>
   <datafield tag="653" ind2=" " ind1=" ">
      <subfield code="a">regenerative business models</subfield>
   </datafield>
   <datafield tag="653" ind2=" " ind1=" ">
      <subfield code="a">design strategies</subfield>
   </datafield>
   <datafield tag="653" ind2=" " ind1=" ">
      <subfield code="a">product design</subfield>
   </datafield>
   <datafield tag="653" ind2=" " ind1=" ">
      <subfield code="a">service design</subfield>
   </datafield>
   <datafield tag="653" ind2=" " ind1=" ">
      <subfield code="a">THEME 2: Exploring the sectoral and organizational level</subfield>
   </datafield>
   <datafield tag="653" ind2=" " ind1=" ">
      <subfield code="a">full papers</subfield>
   </datafield>
   <datafield ind2="0" ind1="0" tag="245">
      <subfield code="a">Towards Regenerative Product And Service Design: Framing Mindsets And Opportunities For Designers</subfield>
   </datafield>
</record></metadata></record></GetRecord></OAI-PMH>